000 00445pab a2200169 454500
008 180718b1995 xxu||||| |||| 00| 0 eng d
100 _aDraper, James A.
245 _aThe act of volunteering: an adult educator's perspective
260 _c1995
300 _ap.3-15
362 _aJan
650 _aAdult education - India
650 _aEducation - India
650 _aEducation
773 _aIndian Journal of Social Work
909 _a32667
999 _c32667
_d32667